Instituciones del derecho mercantil de España / (Record no. 158860)

MARC details
000 -LEADER
campo de control de longitud fija 00920nam a22002295i 4500
001 - NÚMERO DE CONTROL
campo de control 158860
003 - IDENTIFICADOR DE NÚMERO DE CONTROL
campo de control ES-MaACL
005 - FECHA Y HORA DE LA ÚLTIMA TRANSACCIÓN
campo de control 20250809031701.0
008 - DATOS DE LONGITUD FIJA--INFORMACIÓN GENERAL
campo de control de longitud fija 970821s1865 sp |||| | spa d
040 ## - FUENTE DE CATALOGACIÓN
Centro catalogador/agencia de origen CLM
Lengua de catalogación spa
Centro/agencia transcriptor CLM
080 ## - NÚMERO DE LA CLASIFICACIÓN DECIMAL UNIVERSAL
Número de la Clasificación Decimal Universal 347.7(460)
100 1# - ENTRADA PRINCIPAL--NOMBRE DE PERSONA
Nombre de persona Martí de Eixalá, Ramón,
Fechas asociadas al nombre 1807-1857
9 (RLIN) 77213
245 10 - MENCIÓN DEL TÍTULO
Título Instituciones del derecho mercantil de España /
Mención de responsabilidad, etc. por Ramon Martí de Eixalá.
250 ## - MENCION DE EDICION
Mención de edición 4ª ed.
Resto de la mención de edición notablemente adicionada por Manuel Duran y Bas.
260 ## - PUBLICACIÓN, DISTRIBUCIÓN, ETC.
Lugar de publicación, distribución, etc. Barcelona :
Nombre del editor, distribuidor, etc. Librería de Alvaro Verdaguer ;
Lugar de publicación, distribución, etc. Madrid :
Nombre del editor, distribuidor, etc. Librería de Justo Serrano,
Fecha de publicación, distribución, etc. 1865 (
Lugar de fabricación/manufactura Barcelona :
Fabricante Imprenta de C. Verdaguer)
300 ## - DESCRIPCIÓN FÍSICA
Extensión XI, 571 p. ;
Dimensiones 21 cm.
505 8# - NOTA DE CONTENIDO CON FORMATO
Nota de contenido con formato Incluye apéndice
650 #4 - PUNTO DE ACCESO ADICIONAL DE MATERIA--TÉRMINO DE MATERIA
Término de materia o nombre geográfico como elemento de entrada Derecho mercantil-
Subdivisión geográfica España
9 (RLIN) 11735
700 1# - ENTRADA AGREGADA--NOMBRE PERSONAL
Nombre de persona Durán y Bas, Manuel,
Fechas asociadas al nombre 1823-1907
9 (RLIN) 46240
852 ## - LOCALIZACIÓN
Ubicación ES-MaACL
Número de control de estantería E-13153
Nota libre -- Enc. hol.
-- .- Legado M. de la Fuente
Holdings
Estatus retirado Estado de pérdida Estado de daño No para préstamo Colección Biblioteca de origen Biblioteca actual Ubicación en estantería Fecha de adquisición Fuente de adquisición Total de préstamos Signatura topográfica completa Código de barras Visto por última vez Precio de reemplazo Tipo de ítem Koha
        Libros del s. XIX Biblioteca del Ateneo de Madrid Biblioteca del Ateneo de Madrid Depósito 2 17/01/2008     E-13153 1166274 23/02/2023 23/02/2023 Libro impreso antiguo